European Capitals by Picture of Landmark - Statistics

General Stats
  • This quiz has been taken 121 times
  • The average score is 18 of 45
Answer Stats
Picture Answer % Correct
Moscow
99%
Paris
94%
London
93%
Berlin
91%
Athens
80%
Rome
80%
Brussels
73%
Amsterdam
59%
Dublin
58%
Helsinki
58%
Prague
55%
Vatican City
55%
Bratislava
54%
Lisbon
53%
Vaduz
51%
Reykjavik
49%
Copenhagen
46%
Stockholm
46%
Madrid
39%
Andorra la Vella
38%
Riga
38%
Kiev
36%
Vienna
36%
Sofia
35%
Bern
34%
Oslo
33%
Valletta
29%
Monaco
28%
Belgrade
26%
Luxembourg
24%
Tallinn
23%
Zagreb
21%
Budapest
20%
San Marino
20%
Vilnius
20%
Warsaw
20%
Tirana
19%
Ljubljana
18%
Skopje
16%
Minsk
15%
Chişinău
14%
Priština
14%
Sarajevo
14%
Bucharest
13%
Podgorica
13%
No matching quizzes found
Score Distribution
Percent of People with Each Score
Percentile by Number Answered
Your Score History
You have not taken this quiz